[Event "72nd ch-RUS w 2022"]
[Site "Cheboksary RUS"]
[Date "2022.09.11"]
[Round "1.1"]
[White "Pogonina, Natalija"]
[Black "Garifullina, Leya"]
[Result "0-1"]
[WhiteTitle "WGM"]
[BlackTitle "IM"]
[WhiteElo "2453"]
[BlackElo "2375"]
[WhiteFideId "4147855"]
[BlackFideId "34127035"]
[EventDate "2022.09.11"]

1. d4 Nf6 2. c4 e6 3. Nf3 d5 4. Nc3 Bb4 5. Qa4+ Nc6 6. e3 O-O 7. Bd2 Re8 8. a3
Bf8 9. h3 e5 10. cxd5 Nxd4 11. Nxe5 Nf5 12. Nf3 Nd7 13. Qc2 Nb6 14. O-O-O c6 15.
Bd3 g6 16. e4 Nd6 17. e5 Nf5 18. d6 Nd5 19. Ne4 Be6 20. g4 Ng7 21. Kb1 Qb6 22.
Nc5 f6 23. exf6 Nxf6 24. Nxe6 Nxe6 25. Bc3 Nd5 26. Be5 Bg7 27. Rhe1 Rad8 28. Bc4
Rf8 29. Qe2 Rxd6 30. Bxg7 Nxg7 31. Ne5 Rxf2 0-1

[Event "72nd ch-RUS w 2022"]
[Site "Cheboksary RUS"]
[Date "2022.09.11"]
[Round "1.2"]
[White "Goltseva, Ekaterina"]
[Black "Guseva, Marina"]
[Result "1/2-1/2"]
[WhiteTitle "FM"]
[BlackTitle "IM"]
[WhiteElo "2275"]
[BlackElo "2363"]
[WhiteFideId "24173770"]
[BlackFideId "4149351"]
[EventDate "2022.09.11"]

1. d4 Nf6 2. c4 e6 3. Nc3 Bb4 4. e3 O-O 5. Bd3 d5 6. a3 Bxc3+ 7. bxc3 dxc4 8.
Bxc4 c5 9. Ne2 Qc7 10. Bd3 Nc6 11. O-O e5 12. Ng3 Rd8 13. f4 exd4 14. cxd4 cxd4
15. e4 Ng4 16. Qf3 Ne3 17. Re1 Be6 18. Bxe3 dxe3 19. Qxe3 Qd6 20. Bf1 f6 21. e5
fxe5 22. fxe5 Qd4 23. Rab1 b6 24. Rbc1 Qxe3+ 25. Rxe3 Ne7 26. Nh5 Rac8 27. Rec3
Rxc3 28. Rxc3 Rc8 29. Rxc8+ Bxc8 30. Bc4+ Kf8 31. Kf2 Nc6 32. e6 Ne5 33. Ba2 g6
34. Nf6 Ke7 35. Ng8+ Kd6 36. e7 Bd7 37. Ke3 Nc6 38. Nf6 Kxe7 39. Nxh7 Be6 40.
Bb1 Bf7 41. Ng5 Be8 42. Ne4 Bf7 43. Kf4 b5 44. Nc3 b4 45. axb4 Nxb4 46. Kg5 Nd5
47. Ne2 a5 48. Bxg6 Bxg6 49. Kxg6 a4 50. g3 a3 51. Nc1 Ne3 52. h4 Kf8 53. h5 Kg8
54. Na2 Kh8 55. h6 Ng4 56. Nc3 Ne5+ 57. Kf6 Ng4+ 58. Kg5 Nf2 59. Kg6 Ng4 60. Na2
Ne5+ 61. Kf6 Ng4+ 62. Kg5 Ne5 63. Kh5 Kh7 64. Nc1 Nf7 65. g4 1/2-1/2

[Event "72nd ch-RUS w 2022"]
[Site "Cheboksary RUS"]
[Date "2022.09.11"]
[Round "1.3"]
[White "Gunina, Valentina"]
[Black "Yakimova, Mariya"]
[Result "1-0"]
[WhiteTitle "GM"]
[BlackTitle "WFM"]
[WhiteElo "2469"]
[BlackElo "2252"]
[WhiteFideId "4167570"]
[BlackFideId "34188859"]
[EventDate "2022.09.11"]

1. d4 Nf6 2. c4 e6 3. Nf3 d5 4. Nc3 Bb4 5. cxd5 exd5 6. Bg5 h6 7. Bh4 O-O 8. e3
c5 9. dxc5 g5 10. Bg3 Ne4 11. Rc1 Nc6 12. Bd3 Be6 13. O-O Nxg3 14. hxg3 Bxc5 15.
Bb1 Kg7 16. Nb5 Bb6 17. Nbd4 Nxd4 18. exd4 g4 19. Qd3 Rh8 20. Ne5 Qg5 21. Rce1
h5 22. f4 gxf3 23. Nxf3 Qxg3 24. Re3 Qg4 25. Re5 Qf4 26. Kh1 Rh6 27. g3 Qf6 28.
Ng5 Qd8 29. Qe3 Qd7 30. Nxe6+ Rxe6 31. Qg5+ Kh8 32. Bf5 Rxe5 33. Qh6+ 1-0

[Event "72nd ch-RUS w 2022"]
[Site "Cheboksary RUS"]
[Date "2022.09.11"]
[Round "1.4"]
[White "Zhapova, Yana"]
[Black "Ovod, Evgenija"]
[Result "1/2-1/2"]
[WhiteTitle "FM"]
[BlackTitle "IM"]
[WhiteElo "2205"]
[BlackElo "2323"]
[WhiteFideId "24278670"]
[BlackFideId "4131827"]
[EventDate "2022.09.11"]

1. e4 e5 2. Nf3 Nc6 3. Bb5 Nf6 4. O-O Nxe4 5. Re1 Nd6 6. Nxe5 Nxe5 7. Rxe5+ Be7
8. Bf1 O-O 9. d4 Bf6 10. Re1 Re8 11. Bf4 Rxe1 12. Qxe1 Ne8 13. Nc3 Bxd4 14. Nd5
d6 15. Bg5 Bf6 16. Nxf6+ Nxf6 17. Bxf6 gxf6 18. Bd3 f5 19. Qe3 c6 20. Re1 Be6
21. Qf4 Qf6 22. Qxd6 Qxb2 23. h3 Kh8 24. Re5 Rg8 25. Kh2 Qb6 26. Rxe6 fxe6 27.
Qe5+ Rg7 28. Qb8+ Rg8 29. Qe5+ 1/2-1/2

[Event "72nd ch-RUS w 2022"]
[Site "Cheboksary RUS"]
[Date "2022.09.11"]
[Round "1.5"]
[White "Girya, Olga"]
[Black "Galliamova, Alisa"]
[Result "1/2-1/2"]
[WhiteTitle "GM"]
[BlackTitle "IM"]
[WhiteElo "2395"]
[BlackElo "2421"]
[WhiteFideId "4195752"]
[BlackFideId "4129725"]
[EventDate "2022.09.11"]

1. d4 d5 2. c4 e6 3. Nc3 Nf6 4. cxd5 exd5 5. Bg5 c6 6. Qc2 Nbd7 7. Nf3 Be7 8. e3
O-O 9. Bd3 h6 10. Bh4 Re8 11. O-O Ne4 12. Bxe4 Bxh4 13. Bh7+ Kh8 14. Nxh4 Qxh4
15. Bd3 Qe7 16. Rae1 Nf6 17. f3 Be6 18. a3 b6 19. Qf2 c5 20. g4 a6 21. h3 Kg8
22. Kh1 Ra7 23. Rg1 g6 24. Bb1 Kg7 25. Ne2 Qd8 26. Nf4 c4 27. e4 dxe4 28. fxe4
Bc8 29. e5 Bb7+ 30. Kh2 Nd5 31. Rgf1 Nxf4 32. Qxf4 Bd5 33. Qf6+ Kg8 34. Qxd8
Rxd8 35. Rf6 Be6 36. Bxg6 Rxd4 37. Re2 Kg7 38. Bf5 Re7 39. Rf2 Rd5 40. Bxe6 fxe6
41. R6f4 b5 42. Re2 Rf7 43. Rxf7+ Kxf7 44. h4 Kg6 45. a4 b4 46. Rc2 Rc5 47. Kg2
c3 48. bxc3 Rxc3 49. Rf2 Kg7 50. Rd2 b3 51. Rd7+ Kf8 52. Rb7 a5 53. g5 hxg5 54.
hxg5 Rc4 55. Rxb3 Rxa4 56. Rb6 Kf7 57. Kf3 Kg6 1/2-1/2

[Event "72nd ch-RUS w 2022"]
[Site "Cheboksary RUS"]
[Date "2022.09.11"]
[Round "1.6"]
[White "Charochkina, Daria"]
[Black "Bivol, Alina"]
[Result "1/2-1/2"]
[WhiteTitle "IM"]
[BlackTitle "IM"]
[WhiteElo "2348"]
[BlackElo "2366"]
[WhiteFideId "4180917"]
[BlackFideId "4100123"]
[EventDate "2022.09.11"]

1. d4 d5 2. c4 e6 3. Nc3 Nf6 4. cxd5 Nxd5 5. e4 Nxc3 6. bxc3 c5 7. Rb1 cxd4 8.
cxd4 Be7 9. Nf3 O-O 10. Bd3 b6 11. O-O Ba6 12. Bxa6 Nxa6 13. Qa4 Nb8 14. Ne5 Qe8
15. Qb3 Nc6 16. Nxc6 Qxc6 17. d5 exd5 18. exd5 Qg6 19. Be3 Rfd8 20. Rfd1 Rd7 21.
Rd3 Rad8 22. Rbd1 Qf5 23. Qb5 h6 24. a4 Bg5 25. Bxg5 Qxg5 26. Rd4 Qf5 27. h4 Rd6
28. Qb3 Re8 29. Kf1 Qe5 30. Qb5 a6 31. Qd3 Qh2 32. Qh3 Qxh3 33. gxh3 Kf8 34. Rb1
Re5 35. Rdb4 Rexd5 36. Rxb6 Rxb6 37. Rxb6 a5 38. Ra6 g6 39. Ra7 Ke8 40. Kg2 Rf5
41. Kg3 h5 42. Rc7 Kd8 43. Rb7 Kc8 44. Re7 Kd8 1/2-1/2

[Event "72nd ch-RUS w 2022"]
[Site "Cheboksary RUS"]
[Date "2022.09.12"]
[Round "2.1"]
[White "Garifullina, Leya"]
[Black "Bivol, Alina"]
[Result "1/2-1/2"]
[WhiteTitle "IM"]
[BlackTitle "IM"]
[WhiteElo "2375"]
[BlackElo "2366"]
[WhiteFideId "34127035"]
[BlackFideId "4100123"]
[EventDate "2022.09.11"]

1. e4 d5 2. exd5 Qxd5 3. Nc3 Qa5 4. d4 Nf6 5. Nf3 Bf5 6. Ne5 c6 7. Bc4 e6 8. O-O
Nbd7 9. Qe2 h5 10. Nxd7 Kxd7 11. Bf4 Be7 12. a3 Ke8 13. Bd3 Bxd3 14. Qxd3 h4 15.
h3 Qh5 16. Ne4 Nxe4 17. Qxe4 Rd8 18. Rad1 Qd5 19. Qe2 Qf5 20. Be5 Rh6 21. Rfe1
Rg6 22. Rd3 Bd6 23. Qe4 Qxe4 24. Rxe4 Be7 25. Kf1 Rd7 26. Re1 a6 27. a4 Rg5 28.
Re4 Rg6 29. b3 f6 30. Bh2 f5 31. Re1 Rh6 32. Be5 1/2-1/2

[Event "72nd ch-RUS w 2022"]
[Site "Cheboksary RUS"]
[Date "2022.09.12"]
[Round "2.2"]
[White "Galliamova, Alisa"]
[Black "Charochkina, Daria"]
[Result "1/2-1/2"]
[WhiteTitle "IM"]
[BlackTitle "IM"]
[WhiteElo "2421"]
[BlackElo "2348"]
[WhiteFideId "4129725"]
[BlackFideId "4180917"]
[EventDate "2022.09.11"]

1. e4 c6 2. d4 d5 3. e5 c5 4. Nf3 cxd4 5. Nxd4 e6 6. Bd3 Nc6 7. Nxc6 bxc6 8. O-O
Rb8 9. Nd2 Ne7 10. Nf3 Ng6 11. g3 c5 12. c3 Be7 13. h4 f6 14. exf6 gxf6 15. h5
Ne5 16. Nxe5 fxe5 17. h6 Bf6 18. Qh5+ Kd7 19. Be3 Qe7 20. b4 d4 21. cxd4 cxd4
22. Rac1 Qe8 23. Qf3 Rf8 24. Qc6+ Ke7 25. Qc5+ Kf7 26. f4 e4 27. Bxd4 exd3 28.
Bxf6 Rb5 29. Qxa7+ Bb7 30. Rc7+ Kxf6 31. Qd4+ Kg6 32. Qg7+ Kh5 33. Rxb7 Rbf5 34.
Rf2 Qg6 35. Rh2+ Kg4 36. Qxg6+ hxg6 37. h7 Rd5 38. Rd2 Kf3 39. Re7 Rc8 40. Rf2+
Kxg3 41. Rc7 Rxc7 42. Rg2+ Kf3 43. Rf2+ Kg3 44. Rg2+ Kf3 1/2-1/2

[Event "72nd ch-RUS w 2022"]
[Site "Cheboksary RUS"]
[Date "2022.09.12"]
[Round "2.3"]
[White "Ovod, Evgenija"]
[Black "Girya, Olga"]
[Result "1/2-1/2"]
[WhiteTitle "IM"]
[BlackTitle "GM"]
[WhiteElo "2323"]
[BlackElo "2395"]
[WhiteFideId "4131827"]
[BlackFideId "4195752"]
[EventDate "2022.09.11"]

1. e4 e5 2. Nf3 Nc6 3. Bc4 Bc5 4. O-O Nf6 5. d3 d6 6. c3 a5 7. Nbd2 h6 8. Re1
O-O 9. h3 Be6 10. Bb5 Nd7 11. Nf1 f5 12. exf5 Bxf5 13. Ng3 Bg6 14. Be3 Bxe3 15.
Rxe3 Qf6 16. Qe2 Nb6 17. Bxc6 bxc6 18. c4 c5 19. Nd2 Qh4 20. Qg4 Qxg4 21. hxg4
Nc8 22. Ne2 Na7 23. Ne4 Nc6 24. N2c3 Nd4 25. Rc1 Rab8 26. Nd1 Kf7 27. f3 Ke6 28.
Kf2 Kd7 29. Re1 Rb4 30. Ke3 Rfb8 31. Rf1 h5 32. gxh5 Bxh5 33. g4 Bg6 34. Rf2 Ne6
35. Rcc2 c6 36. Ndc3 Nf4 37. b3 Ke7 38. Ne2 Ne6 39. f4 exf4+ 40. Nxf4 Nxf4 41.
Rxf4 a4 42. bxa4 Rxa4 43. Ng3 Rba8 44. Nf5+ Bxf5 45. gxf5 Rxa2 46. Rxa2 Rxa2 47.
Rg4 Kf6 48. Rg6+ Kxf5 49. Rxg7 d5 50. Rc7 d4+ 51. Kf3 Rd2 52. Rxc6 Rxd3+ 53. Ke2
Rh3 54. Kd2 Ke5 55. Rxc5+ Ke4 56. Rg5 Rh2+ 57. Kd1 d3 58. Ra5 Ke3 59. Re5+ Kd4
60. Ra5 Rb2 61. Ra8 Kc3 62. Ra3+ Kxc4 63. Ra8 Kc3 1/2-1/2

[Event "72nd ch-RUS w 2022"]
[Site "Cheboksary RUS"]
[Date "2022.09.12"]
[Round "2.4"]
[White "Yakimova, Mariya"]
[Black "Zhapova, Yana"]
[Result "1/2-1/2"]
[WhiteTitle "WFM"]
[BlackTitle "FM"]
[WhiteElo "2252"]
[BlackElo "2205"]
[WhiteFideId "34188859"]
[BlackFideId "24278670"]
[EventDate "2022.09.11"]

1. d4 d5 2. c4 e6 3. Nf3 Nf6 4. g3 Bb4+ 5. Bd2 Be7 6. Bg2 O-O 7. O-O Nbd7 8. Qc2
c6 9. Bf4 a5 10. Rd1 a4 11. c5 b6 12. cxb6 Qxb6 13. Nc3 a3 14. b3 Ba6 15. e4
Nxe4 16. Nxe4 dxe4 17. Qxe4 Nf6 18. Qc2 Rac8 19. Ng5 Rfd8 20. Be5 h6 21. Ne4 Nd5
22. g4 f6 23. Bg3 Nb4 24. Qc3 Be2 25. Re1 Bxg4 26. Nc5 Nd5 27. Qc4 Kf7 28. Rac1
Qb5 29. Qc2 Nb4 30. Qe4 Bf5 31. Qh4 g5 32. Qh5+ Bg6 33. Qh3 Bf5 34. Qh5+ Bg6 35.
Qh3 1/2-1/2

[Event "72nd ch-RUS w 2022"]
[Site "Cheboksary RUS"]
[Date "2022.09.12"]
[Round "2.5"]
[White "Guseva, Marina"]
[Black "Gunina, Valentina"]
[Result "1-0"]
[WhiteTitle "IM"]
[BlackTitle "GM"]
[WhiteElo "2363"]
[BlackElo "2469"]
[WhiteFideId "4149351"]
[BlackFideId "4167570"]
[EventDate "2022.09.11"]

1. d4 d5 2. c4 c6 3. Nc3 Nf6 4. e3 Bf5 5. cxd5 cxd5 6. Qb3 Nc6 7. Qxb7 Bd7 8.
Qb3 Rb8 9. Qd1 e5 10. dxe5 Nxe5 11. Nge2 Bc5 12. Nd4 O-O 13. Be2 Re8 14. O-O Qc7
15. h3 Qc8 16. Bb5 Rxb5 17. Ncxb5 Ne4 18. Nc3 Bxh3 19. f3 Ng5 20. Qd2 Bxd4 21.
exd4 Nexf3+ 22. Rxf3 Nxf3+ 23. gxf3 Qa6 24. Qf2 Qg6+ 25. Kh2 Qh5 26. Bf4 Re6 27.
Kg1 Rg6+ 28. Bg3 Bd7 29. Ne2 Qf5 30. Re1 h5 31. Kh1 h4 32. Bh2 Rc6 33. Nc3 Rf6
34. Rf1 Qh5 35. Be5 Rg6 36. Nxd5 Rg3 37. Nf4 Qg5 38. Ne2 Rh3+ 39. Bh2 Qf5 40.
Ng1 Rxh2+ 41. Qxh2 g5 42. Qe5 Qg6 43. Rc1 g4 44. fxg4 Bxg4 45. Rc5 Kh7 46. Qf4
Qe6 47. Re5 Qd7 48. d5 f5 49. Qg5 1-0

[Event "72nd ch-RUS w 2022"]
[Site "Cheboksary RUS"]
[Date "2022.09.12"]
[Round "2.6"]
[White "Pogonina, Natalija"]
[Black "Goltseva, Ekaterina"]
[Result "1/2-1/2"]
[WhiteTitle "WGM"]
[BlackTitle "FM"]
[WhiteElo "2453"]
[BlackElo "2275"]
[WhiteFideId "4147855"]
[BlackFideId "24173770"]
[EventDate "2022.09.11"]

1. Nf3 Nf6 2. g3 d5 3. d4 e6 4. Bg2 Be7 5. c4 O-O 6. O-O dxc4 7. Qa4 a6 8. Qxc4
b5 9. Qc2 Bb7 10. Bd2 Be4 11. Qc1 Bb7 12. Bf4 Bd6 13. Nc3 Nbd7 14. Rd1 Qb8 15.
a3 c5 16. dxc5 Bxf4 17. Qxf4 Qxf4 18. gxf4 Nxc5 19. Ne5 Bxg2 20. Kxg2 Rfd8 21.
Rac1 Nb3 22. Nc6 Rxd1 23. Rxd1 Kf8 24. Rd6 Ne8 25. Rd7 Nc5 26. Rd4 Rc8 27. Ne5
f6 28. Nf3 Ke7 29. a4 Nd6 30. axb5 axb5 31. Nd2 Na6 32. e4 b4 33. Na4 Nb5 34.
Rd3 Rd8 35. Rxd8 Kxd8 36. Kf3 Kc7 37. Ke3 Kc6 38. Nb3 e5 39. Na5+ Kd6 40. Nc4+
Ke6 41. fxe5 fxe5 42. h4 Na7 43. Ncb6 Nc6 44. Nc4 Kf6 45. f4 exf4+ 46. Kxf4 Nd4
47. Nab6 Ne6+ 48. Kg4 Nec7 49. Nd7+ Ke6 50. Nf8+ Ke7 51. Nxh7 Nc5 52. Ng5 g6 53.
Kf4 Kf6 54. Ke3 Nb5 55. Nf3 Ne6 56. Nb6 Kg7 57. Nd5 b3 58. Kd3 Nd6 59. e5 Nb7
60. Kc4 Na5+ 61. Kb4 Nc6+ 62. Kxb3 Kh6 63. Nf6 g5 64. Kc4 gxh4 65. Kd5 Nxe5 66.
Kxe5 Nc5 67. Kd4 Na6 68. Nd5 h3 69. Kc4 Kh5 70. Nf6+ Kg6 71. Nd7 Kf5 72. Kb5
Nc7+ 73. Kc6 Na6 74. Kd5 Kf4 75. Nde5 Nb4+ 76. Kc4 Na6 77. Kd3 h2 78. Nxh2 Kxe5
79. Nf3+ 1/2-1/2

[Event "72nd ch-RUS w 2022"]
[Site "Cheboksary RUS"]
[Date "2022.09.13"]
[Round "3.1"]
[White "Goltseva, Ekaterina"]
[Black "Garifullina, Leya"]
[Result "1-0"]
[WhiteTitle "FM"]
[BlackTitle "IM"]
[WhiteElo "2275"]
[BlackElo "2375"]
[WhiteFideId "24173770"]
[BlackFideId "34127035"]
[EventDate "2022.09.11"]

1. d4 Nf6 2. c4 e6 3. Nc3 Bb4 4. g3 d5 5. Bg2 O-O 6. Nf3 dxc4 7. O-O Nc6 8. Qa4
Nd5 9. Qc2 Be7 10. Rd1 Rb8 11. e4 Ncb4 12. Qb1 Nxc3 13. bxc3 Nd3 14. Qb5 Nxc1
15. Raxc1 c5 16. Qxc4 b5 17. Qe2 Qb6 18. Ne5 f6 19. Ng4 Rd8 20. d5 c4 21. e5 f5
22. Ne3 Bc5 23. dxe6 Bxe3 24. Rxd8+ Qxd8 25. Qxe3 Bxe6 26. Qxa7 b4 27. cxb4 Rxb4
28. Bf3 Rb2 29. a4 Rb3 30. Be2 c3 31. Qa6 Qd5 32. Rd1 Qxe5 33. Bc4 Rb6 34. Qxb6
Bxc4 35. Rd8+ Kf7 36. Rd7+ 1-0

[Event "72nd ch-RUS w 2022"]
[Site "Cheboksary RUS"]
[Date "2022.09.13"]
[Round "3.2"]
[White "Gunina, Valentina"]
[Black "Pogonina, Natalija"]
[Result "0-1"]
[WhiteTitle "GM"]
[BlackTitle "WGM"]
[WhiteElo "2469"]
[BlackElo "2453"]
[WhiteFideId "4167570"]
[BlackFideId "4147855"]
[EventDate "2022.09.11"]

1. d4 Nf6 2. c4 e6 3. Nf3 d5 4. Nc3 Nbd7 5. Bf4 dxc4 6. e3 Bd6 7. Bg3 Nb6 8.
Bxc4 Nxc4 9. Qa4+ Bd7 10. Qxc4 Bc6 11. Ne5 Bxe5 12. Bxe5 Nd5 13. O-O Nxc3 14.
Qxc3 O-O 15. f3 f6 16. Bg3 Rf7 17. Rfd1 Be8 18. e4 Rd7 19. Rd2 Bf7 20. a4 a5 21.
Rc1 c6 22. Rb1 Qe7 23. Bf4 Qb4 24. e5 Qxa4 25. exf6 gxf6 26. Bh6 Qb4 27. Qe3 Qe7
28. Re1 Rd5 29. g4 Kh8 30. h4 Re8 31. Qf4 Qd8 32. h5 a4 33. Kf2 Qe7 34. Rde2 Rg8
35. Rg1 Qd8 36. Re4 Rb5 37. Re2 Rd5 38. g5 Rf5 39. Qe3 fxg5 40. d5 e5 41. Qd3
Qf6 42. d6 Rd8 43. d7 Bd5 44. Ke1 Be6 45. Qd6 Rxd7 46. Qb8+ Bg8 47. Qc8 Rf7 48.
f4 Qxh6 49. fxe5 Qxh5 50. Qd8 Qh4+ 51. Kd2 Qb4+ 52. Kc2 Qc5+ 0-1

[Event "72nd ch-RUS w 2022"]
[Site "Cheboksary RUS"]
[Date "2022.09.13"]
[Round "3.3"]
[White "Zhapova, Yana"]
[Black "Guseva, Marina"]
[Result "1/2-1/2"]
[WhiteTitle "FM"]
[BlackTitle "IM"]
[WhiteElo "2205"]
[BlackElo "2363"]
[WhiteFideId "24278670"]
[BlackFideId "4149351"]
[EventDate "2022.09.11"]

1. e4 c6 2. Nc3 d5 3. Nf3 Bg4 4. h3 Bxf3 5. Qxf3 e6 6. Be2 Bc5 7. O-O Ne7 8. Na4
Bd6 9. d4 dxe4 10. Qxe4 Nd7 11. Rd1 O-O 12. c4 Nf6 13. Qf3 Ng6 14. Nc3 Qc7 15.
Bg5 Be7 16. g3 Nd7 17. Bd2 e5 18. dxe5 Ndxe5 19. Qf5 Bc5 20. h4 Ne7 21. Qf4 N7g6
22. Qf5 Ne7 23. Qf4 N7g6 1/2-1/2

[Event "72nd ch-RUS w 2022"]
[Site "Cheboksary RUS"]
[Date "2022.09.13"]
[Round "3.4"]
[White "Girya, Olga"]
[Black "Yakimova, Mariya"]
[Result "1-0"]
[WhiteTitle "GM"]
[BlackTitle "WFM"]
[WhiteElo "2395"]
[BlackElo "2252"]
[WhiteFideId "4195752"]
[BlackFideId "34188859"]
[EventDate "2022.09.11"]

1. d4 Nf6 2. c4 e6 3. Nc3 Bb4 4. e3 O-O 5. Bd3 Re8 6. Ne2 d5 7. O-O b6 8. e4 c5
9. cxd5 cxd4 10. Nxd4 Bxc3 11. bxc3 exd5 12. e5 Rxe5 13. Bf4 Re8 14. Bxb8 Rxb8
15. Nc6 Qd6 16. Nxb8 Ng4 17. g3 Qxb8 18. Re1 Rd8 19. Qa4 Nf6 20. Re7 a5 21. Rb1
Be6 22. Qc6 Nd7 23. Rxe6 fxe6 24. Qxe6+ Kh8 25. Bf1 h6 26. Bg2 Nf6 27. Qxb6 Qxb6
28. Rxb6 Rc8 29. Rb5 a4 30. Ra5 Rxc3 31. Rxa4 Kh7 32. h4 Rc1+ 33. Bf1 Rd1 34. f3
Rd2 35. Bh3 Kg6 36. Ra6 d4 37. a4 Kf7 38. Ra7+ Kf8 39. Bf5 Nh5 40. Bg6 Nxg3 41.
a5 d3 42. a6 Rd1+ 43. Kg2 d2 44. Rd7 Ne2 45. a7 Ra1 46. Bc2 Nc3 47. Rd8+ Ke7 48.
a8=Q Rxa8 49. Rxa8 d1=Q 50. Bxd1 Nxd1 51. Ra3 Nb2 52. Rc3 Na4 53. Rc7+ Kf8 54.
Rc6 Nb2 55. f4 Nd3 56. Kf3 Nb4 57. Rc8+ Kf7 58. Ke4 Kg6 59. Rc4 Na2 60. Rc2 1-0

[Event "72nd ch-RUS w 2022"]
[Site "Cheboksary RUS"]
[Date "2022.09.13"]
[Round "3.5"]
[White "Charochkina, Daria"]
[Black "Ovod, Evgenija"]
[Result "1-0"]
[WhiteTitle "IM"]
[BlackTitle "IM"]
[WhiteElo "2348"]
[BlackElo "2323"]
[WhiteFideId "4180917"]
[BlackFideId "4131827"]
[EventDate "2022.09.11"]

1. d4 d5 2. Nc3 Nf6 3. Bf4 a6 4. e3 b5 5. Bd3 e6 6. Nf3 Nbd7 7. Ne5 c5 8. dxc5
Nxc5 9. a4 b4 10. Ne2 Nh5 11. Nd4 Nxf4 12. exf4 Nxd3+ 13. Qxd3 Bd6 14. Qg3 O-O
15. O-O f6 16. Nd3 Qc7 17. Rfe1 Re8 18. c3 bxc3 19. Rac1 Bd7 20. Rxc3 Qb6 21.
Nb3 Bxa4 22. Nbc5 Bxc5 23. Nxc5 Bb5 24. Qg4 e5 25. f5 Re7 26. Ne6 Bd7 27. Nc7
Bxf5 28. Nxa8 Qxb2 29. Qf3 Be4 30. Rc8+ Kf7 31. Qh5+ Bg6 32. Qd1 Qb7 33. Qc1 Bf5
34. Rd8 d4 35. Qc5 Bd7 36. Nb6 Bc6 37. Nc4 Qc7 38. Rc8 1-0

[Event "72nd ch-RUS w 2022"]
[Site "Cheboksary RUS"]
[Date "2022.09.13"]
[Round "3.6"]
[White "Bivol, Alina"]
[Black "Galliamova, Alisa"]
[Result "1/2-1/2"]
[WhiteTitle "IM"]
[BlackTitle "IM"]
[WhiteElo "2366"]
[BlackElo "2421"]
[WhiteFideId "4100123"]
[BlackFideId "4129725"]
[EventDate "2022.09.11"]

1. d4 Nf6 2. Nf3 e6 3. Bf4 Be7 4. e3 Nh5 5. Bg3 Nxg3 6. hxg3 d6 7. Bd3 Nd7 8. c3
e5 9. Nbd2 c6 10. Qc2 g6 11. O-O-O Qc7 12. c4 Nf6 13. c5 dxc5 14. dxe5 Ng4 15.
Ne4 Be6 16. Nd6+ Bxd6 17. exd6 Qa5 18. Bc4 O-O-O 19. Bxe6+ fxe6 20. a3 Rd7 21.
Rh4 h5 22. Qxg6 c4 23. Qxe6 c3 24. Rxg4 cxb2+ 25. Kxb2 hxg4 26. Ne5 Qb5+ 27. Ka1
Qa4 28. Qxd7+ Kb8 29. Qc7+ Ka8 30. Kb2 Qxd1 31. d7 Qd2+ 32. Kb3 Rb8 33. Nc4 Qd1+
34. Kc3 Qc1+ 35. Kd3 Qf1+ 36. Kd4 Qd1+ 37. Kc3 Qc1+ 38. Kb3 Qd1+ 39. Kb2 Qe2+
40. Kc3 Qe1+ 41. Kc2 Qxf2+ 42. Kb3 Qf6 43. e4 Qd4 44. e5 Qd1+ 45. Kc3 Qc1+ 46.
Kd4 Qd1+ 47. Kc3 Qc1+ 48. Kd3 Qf1+ 49. Ke3 Qe1+ 50. Kd4 Qd1+ 51. Kc3 Qc1+ 1/2-1/2

[Event "72nd ch-RUS w 2022"]
[Site "Cheboksary RUS"]
[Date "2022.09.14"]
[Round "4.1"]
[White "Garifullina, Leya"]
[Black "Galliamova, Alisa"]
[Result "1/2-1/2"]
[WhiteTitle "IM"]
[BlackTitle "IM"]
[WhiteElo "2375"]
[BlackElo "2421"]
[WhiteFideId "34127035"]
[BlackFideId "4129725"]
[EventDate "2022.09.11"]

1. e4 c5 2. Nf3 d6 3. d4 cxd4 4. Nxd4 Nf6 5. Nc3 a6 6. h3 e5 7. Nde2 h5 8. g3
Nbd7 9. a4 b6 10. Bg2 Bb7 11. O-O Be7 12. Bg5 Rc8 13. Re1 O-O 14. Nc1 Rc4 15.
Nb3 Qc7 16. Bd2 Rc8 17. Re3 Nf8 18. Qe2 Qd7 19. Rd3 Ne6 20. Qe3 h4 21. Rf1 Bd8
22. f4 exf4 23. gxf4 Nh5 24. f5 Ng5 25. Be1 Bf6 26. Nd2 Rxc3 27. bxc3 Re8 28.
Bxh4 Nxe4 29. Bxf6 Nexf6 30. Qd4 Bxg2 31. Kxg2 Re2+ 32. Kg1 d5 33. Rdf3 Qd6 34.
R1f2 Re1+ 35. Kg2 Ne4 36. Nxe4 Rxe4 37. Qd2 Rxa4 38. Qg5 Nf6 39. Rg3 Ne8 40. f6
g6 41. Qh6 Qe6 42. Qe3 Qxe3 43. Rxe3 Nc7 44. Re7 Rc4 45. Rd7 Ne6 46. Rd6 Rxc3
47. Rxb6 g5 48. Rxa6 Nf4+ 49. Rxf4 1/2-1/2

[Event "72nd ch-RUS w 2022"]
[Site "Cheboksary RUS"]
[Date "2022.09.14"]
[Round "4.2"]
[White "Ovod, Evgenija"]
[Black "Bivol, Alina"]
[Result "1/2-1/2"]
[WhiteTitle "IM"]
[BlackTitle "IM"]
[WhiteElo "2323"]
[BlackElo "2366"]
[WhiteFideId "4131827"]
[BlackFideId "4100123"]
[EventDate "2022.09.11"]

1. e4 e5 2. Nf3 Nc6 3. Bc4 Nf6 4. d3 h6 5. O-O d6 6. Re1 g5 7. c3 Bg7 8. d4 O-O
9. dxe5 dxe5 10. Qc2 Nh5 11. Be3 Qf6 12. Kh1 Nf4 13. Nbd2 h5 14. Ng1 Bh6 15. a4
a6 16. a5 g4 17. g3 Ne6 18. Bxh6 Qxh6 19. h4 gxh3 20. Ndf3 Ng7 21. Kh2 Bg4 22.
b4 Rad8 23. Qc1 Qxc1 24. Raxc1 Be6 25. Bxe6 Nxe6 26. Kxh3 b6 27. axb6 cxb6 28.
Ra1 Nc7 29. Nh4 Rd2 30. Kg2 Rfd8 31. Ngf3 Rc2 32. Re3 a5 33. bxa5 bxa5 34. Ra4
Rb2 35. Nf5 Nb5 36. Rc4 Nba7 37. Re1 Rd3 38. Rc5 Rb5 39. Rc4 Rb3 40. Rc1 f6 41.
Ne1 Rd2 42. Rc2 Rd1 43. Nf3 Kf7 44. Ne3 Rd8 45. Nh4 Rd7 46. Nhf5 Ne7 47. Nxe7
Kxe7 48. Ra2 Rb5 49. Kf3 Kf7 50. Nf5 Rb3 51. Rxa5 Nb5 52. Ra8 Rxc3+ 53. Rxc3
Nxc3 54. Rh8 Rd3+ 55. Ne3 Rd4 1/2-1/2

[Event "72nd ch-RUS w 2022"]
[Site "Cheboksary RUS"]
[Date "2022.09.14"]
[Round "4.3"]
[White "Yakimova, Mariya"]
[Black "Charochkina, Daria"]
[Result "1/2-1/2"]
[WhiteTitle "WFM"]
[BlackTitle "IM"]
[WhiteElo "2252"]
[BlackElo "2348"]
[WhiteFideId "34188859"]
[BlackFideId "4180917"]
[EventDate "2022.09.11"]

1. d4 d5 2. c4 c6 3. Nf3 Nf6 4. Nc3 e6 5. Qd3 dxc4 6. Qxc4 a5 7. e4 a4 8. e5 Nd5
9. Ne4 Nd7 10. Be2 c5 11. dxc5 Nxc5 12. Nxc5 Qa5+ 13. Bd2 Qxc5 14. Qg4 f5 15.
exf6 Nxf6 16. Qh4 Be7 17. Rc1 Qf5 18. Nd4 Qg6 19. Bb5+ Bd7 20. O-O Bxb5 21. Nxb5
O-O 22. Nc7 Rad8 23. Bb4 Bxb4 24. Qxb4 Ne4 25. Qe7 Ng5 26. f4 Nh3+ 27. Kh1 Rd2
28. Qxe6+ Qxe6 29. Nxe6 Rf6 30. Rc8+ Kf7 31. f5 Nf2+ 32. Kg1 Rxf5 33. Rf8+ Kxe6
34. Re1+ Ne4 35. Rxe4+ Kd5 36. Rxf5+ Kxe4 37. Rb5 Rd7 38. Rb4+ Ke5 39. h3 a3 40.
bxa3 Kd5 41. Kf2 Rf7+ 42. Ke3 Kc6 43. Rg4 g6 44. Rh4 Kd5 45. Rd4+ Kc6 46. Rb4
Re7+ 47. Kf3 Rd7 48. Rc4+ Kb6 49. Rc2 Rd4 50. Re2 Ra4 51. Re3 Ka7 52. g3 h5 53.
h4 Ka8 54. Kg2 Ra6 55. Kh3 Ra4 56. Re6 Rg4 57. Re5 Ra4 58. Rg5 Ra6 59. Kg2 Ka7
60. Kf2 Rxa3 61. Rxg6 Rxa2+ 62. Kf3 Ra3+ 63. Kf4 Ra4+ 64. Kg5 Ra5+ 65. Kh6 b5
66. Rg7+ Kb6 67. Rg6+ Kb7 68. Rg5 Kb6 69. Rg8 Kb7 70. g4 hxg4 71. h5 b4 72. Rxg4
Rb5 73. Rg2 b3 74. Rb2 Ka7 75. Kg6 Rb6+ 76. Kf7 1/2-1/2